Rejstřík Pravěku - ročníky 1991/1 - 2000/10
| Titel: | Rejstřík Pravěku - ročníky 1991/1 - 2000/10 |
|---|---|
| In: |
Pravěk, Band 11 (2001), Seite 13-27 alle Artikel anzeigen |
| Veröffentlicht: | 2001 [2002] |
| Format: | Aufsatz |
| Sprache: | Tschechisch |
X
alg: 39160446
001A $01999:11-11-16
001B $01999:29-03-21 $t21:45:32.000
001C $06050:19-11-16 $t08:53:04.000
001D $01999:11-11-16
001U $0utf8
001X $00
002@ $0Aox
003@ $0391604465
007A $0391604465 $aHEB
007T $0Herd73070
010@ $acze
011@ $a2001 $n2001 [2002]
021A $aRejstřík Pravěku - ročníky 1991/1 - 2000/10
031A $d11 $h13-27 $j2001
039B $aIn $8--Abvc--. Pravěk. - Brno {[u.a.] : Ústav Archeologické Památkové Péče Brno, 1903-. - ISSN 1211-8338 $x200100000110000987 $9047306319
045F $a930.1094371 $eDDC23BSB
045F/01 $a930.1
045F/03 $g4371
045T $a6,11 $a6,12
lok: 39160446 78
exp: 39160446 78 1 #EPN
201B/01 $026-11-17 $t00:45:56.000
201U/01 $0utf8
203@/01 $0787698792
208@/01 $a11-11-16 $be
209A/01 $a/ $f000 $x00
220C/01 $aTitelaufnehmer: rk;kh
220C/01 $aHerkunft: HÚ AV ČR Praha
244Z/01 $#Tschechien $#Tschechische Republik $#Tschechische Republik $#Tschechenland $#Tschechei Tschechien $#Česká Republika $#Czech Republic $#ČR $74303381-7 $8--Tg1--Tschechien $x01 $9086659812
244Z/01 $2Trx $#Böhmen $#Bohemia $#Czechy $8--Trx--Čechy $x02 $9391188941
244Z/01 $aGeschichte 1991-2000 $x03
244Z/01 $2Trx $#arheoloogia teadus $#archeologijos mokslas $#Archaeology $#régészet tudomány $#archeologia nauka $#archeológia veda $#archeologie věda $#Eelajalugu $#Ur- und Frühgeschichte $#prehistoria $#prehistória $#prehistorie $8--Trx--Archäologie$gWissenschaft $x04 $9391377876
244Z/01 $2Trx $#ajakirjad, teaduslikud $#moksliniai žurnalai $#scientific journals $#folyóíratok, tudományos $#czasopisma naukowe $#časopisy vedecké $#časopisy vědecké $8--Trx--Zeitschriften, wissenschaftliche $x05 $9391356119
244Z/01 $2Trx $8--Trx--Zeitschriftenaufsatz $x06 $9391384341
245Z/01 $a05.01 $x01
247C/01 $82080>Marburg/Lahn, Herder-Institut, Forschungsbibliothek, Bibliographieportal $9336309341
| LEADER | 00000caa a22000002c 4500 | ||
|---|---|---|---|
| 001 | 391604465 | ||
| 003 | DE-603 | ||
| 005 | 20210329214532.0 | ||
| 007 | tu | ||
| 008 | 161111s2001 xx |||| | u00||u|cze c | ||
| 035 | |a (DE-599)HEB391604465 | ||
| 040 | |a DE-603 |b ger |c DE-603 |d DE-603 | ||
| 041 | |a cze | ||
| 082 | 0 | 4 | |8 1\u |a 930.1094371 |q DE-101 |2 23/BSB |
| 084 | |a 6,11 |a 6,12 |2 ssgn | ||
| 085 | |8 1\u |b 930.1 | ||
| 085 | |8 1\u |z 2 |s 4371 | ||
| 245 | 0 | 0 | |a Rejstřík Pravěku - ročníky 1991/1 - 2000/10 |
| 264 | 0 | |c 2001 [2002] | |
| 773 | 0 | 8 | |i In |t Pravěk |d Brno [u.a.] : Ústav Archeologické Památkové Péče Brno, 1903- |x 1211-8338 |g Band 11 (2001), Seite 13-27 |w (DE-603)047306319 |w (DE-600)209024-7 |
| 924 | 0 | |9 2080 |a (DE-603)787698792 |b DE-2080 |c HES |d d |g / | |


